[Event "Qingdao SCO Teams 5th"]
[Site "Qingdao"]
[Date "2023.12.18"]
[Round "7.7"]
[White "Tulendinov, Dinmukhammed"]
[Black "Mousavi, Seyed Khalil"]
[Result "0-1"]
[WhiteElo "2303"]
[BlackElo "2501"]
[PlyCount "80"]
[EventDate "2023.12.17"]
[EventType "team-tourn (rapid)"]
[EventRounds "9"]
[EventCountry "CHN"]
[SourceTitle "CB52_2023"]
[SourceDate "2023.12.27"]
[SourceVersion "1"]
[SourceVersionDate "2023.12.27"]
[SourceQuality "1"]
[WhiteTeam "Kazakhstan"]
[BlackTeam "Iran"]
[WhiteTeamCountry "KAZ"]
[BlackTeamCountry "IRI"]

1. e4 c5 2. d4 cxd4 3. Qxd4 Nc6 4. Qd3 Nf6 5. Nc3 e6 6. Bf4 Bb4 7. Nge2 0-0 8. 0-0-0 Qb6 9. f3 d5 10. exd5 Nxd5 11. Nxd5 exd5 12. Be3 Qc7 13. Nd4 Re8 14. Kb1 Bd7 15. a3 Bf8 16. Bf2 Ne5 17. Qb3 Nc4 18. Bd3 b5 19. Ka1 Qa5 20. c3 Rab8 21. Qa2 Rec8 22. Rc1 Qd8 23. Rhe1 a5 24. Bxc4 Rxc4 25. Nc2 b4 26. Ne3 b3 27. Qb1 Ra4 28. Qd3 Rxa3+ 29. bxa3 b2+ 30. Ka2 bxc1N+ 31. Rxc1 Be6 32. Nc2 Qg5 33. Rb1 Rxb1 34. Kxb1 Qxg2 35. Bd4 Qxh2 36. a4 h5 37. Kb2 h4 38. Kb3 h3 39. Ne3 Qb8+ 40. Kc2 h2 0-1

[Event "Qingdao SCO Teams 5th"]
[Site "Qingdao"]
[Date "2023.12.17"]
[Round "4.13"]
[White "Mousavi, Seyed Khalil"]
[Black "Wang, Tongsen"]
[Result "0-1"]
[WhiteElo "2501"]
[BlackElo "2395"]
[PlyCount "108"]
[EventDate "2023.12.17"]
[EventType "team-tourn (rapid)"]
[EventRounds "9"]
[EventCountry "CHN"]
[SourceTitle "CB52_2023"]
[SourceDate "2023.12.27"]
[SourceVersion "1"]
[SourceVersionDate "2023.12.27"]
[SourceQuality "1"]
[WhiteTeam "Iran"]
[BlackTeam "China SCO"]
[WhiteTeamCountry "IRI"]
[BlackTeamCountry "CHN"]

1. e4 c5 2. Nf3 d6 3. d4 Nf6 4. Nc3 cxd4 5. Nxd4 Nc6 6. Bc4 e6 7. Be3 a6 8. f3 Qc7 9. Bb3 Na5 10. Qd2 Be7 11. 0-0-0 b5 12. Kb1 Bd7 13. g4 Nxb3 14. cxb3 b4 15. Na4 a5 16. h4 h6 17. Qd3 Qb7 18. h5 Bxa4 19. bxa4 d5 20. e5 Nd7 21. Nxe6 fxe6 22. Qg6+ Kf8 23. Qxe6 Ra6 24. Qf5+ Ke8 25. e6 Nf6 26. g5 hxg5 27. Bxg5 Qc6 28. Rhe1 Rf8 29. Rc1 Qb7 30. Qg6+ Kd8 31. Qxg7 Rg8 32. Qh6 Ne8 33. f4 Bxg5 34. fxg5 Qe7 35. g6 Rxe6 36. Rf1 Re2 37. Qf4 Qe4+ 38. Qxe4 dxe4 39. Rc5 Rd2 40. Rxa5 Kd7 41. Ra7+ Ke6 42. Ra6+ Nd6 43. Rh1 e3 44. Re1 Rf8 45. g7 Rc8 46. Rxe3+ Kf7 47. Ra7+ Kg8 48. a3 Nc4 49. Rb3 bxa3 50. Rab7 axb2 51. h6 Na3+ 52. Ka2 b1Q+ 53. Kxa3 Qa1+ 54. Kb4 Rd4+ 0-1

[Event "Rasht Father Cup Blitz 2nd"]
[Site "Rasht"]
[Date "2023.12.07"]
[Round "1"]
[White "Mousavi, Seyed Khalil"]
[Black "Darang, Mehrbod"]
[Result "1-0"]
[WhiteElo "2501"]
[BlackElo "1536"]
[PlyCount "45"]
[EventDate "2023.12.07"]
[EventType "swiss (blitz)"]
[EventRounds "13"]
[EventCountry "IRI"]
[SourceTitle "CB50_2023"]
[SourceDate "2023.12.13"]
[SourceVersion "1"]
[SourceVersionDate "2023.12.13"]
[SourceQuality "1"]

1. d4 Nf6 2. Bf4 g6 3. Nd2 d5 4. e3 Bg7 5. Bd3 0-0 6. Ngf3 c5 7. dxc5 Nc6 8. Ne5 Nxe5 9. Bxe5 Nd7 10. Bxg7 Kxg7 11. b4 a5 12. a3 e5 13. e4 dxe4 14. Nxe4 f5 15. Nd6 Qg5 16. 0-0 Nf6 17. Bc4 f4 18. Qf3 Ra7 19. h3 h5 20. Rae1 Nd7 21. Nb5 Ra8 22. Nc7 Ra7 23. Ne6+ 1-0

[Event "Rasht Father Cup Blitz 2nd"]
[Site "Rasht"]
[Date "2023.12.07"]
[Round "3"]
[White "Mousavi, Seyed Khalil"]
[Black "Ezzati, Fereidoon"]
[Result "1-0"]
[WhiteElo "2501"]
[BlackElo "1954"]
[PlyCount "83"]
[EventDate "2023.12.07"]
[EventType "swiss (blitz)"]
[EventRounds "13"]
[EventCountry "IRI"]
[SourceTitle "CB50_2023"]
[SourceDate "2023.12.13"]
[SourceVersion "1"]
[SourceVersionDate "2023.12.13"]
[SourceQuality "1"]

1. d4 Nf6 2. c4 g6 3. Nc3 Bg7 4. e4 d6 5. Nge2 0-0 6. Ng3 c6 7. Be2 e5 8. d5 cxd5 9. cxd5 Nbd7 10. Be3 a6 11. 0-0 b5 12. b4 Nb6 13. a4 bxa4 14. Nxa4 Nxa4 15. Rxa4 Bb7 16. Bd3 h5 17. h3 Kh7 18. Qa1 h4 19. Ne2 Re8 20. Bg5 Qb6 21. Qa2 Nh5 22. Be3 Qd8 23. Bxa6 Bxa6 24. Rxa6 Rb8 25. Rb1 Bh6 26. Bxh6 Kxh6 27. Qd2+ Kg7 28. b5 Nf6 29. Qe3 Qc7 30. Rc6 Qa5 31. b6 Qa4 32. Nc3 Qa3 33. Qe1 Re7 34. Nb5 Qd3 35. Nxd6 Rd7 36. b7 Rxd6 37. Rxd6 Nxe4 38. Rd7 Kg8 39. Rc1 Nf6 40. Rc8+ Kg7 41. Rxb8 Nxd7 42. Rd8 1-0

[Event "Titled Tuesday intern op 25th Jul Early"]
[Site "Chess.com INT"]
[Date "2023.07.25"]
[Round "5"]
[White "Koellner, Ruben Gideon"]
[Black "Mousavi, Seyed Khalil"]
[Result "1-0"]
[WhiteElo "2453"]
[BlackElo "2492"]
[PlyCount "147"]
[EventDate "2023.07.25"]
[EventType "swiss (blitz)"]
[EventRounds "11"]
[EventCountry "USA"]
[SourceTitle "EXT 2024"]
[Source "ChessBase"]
[SourceDate "2023.10.10"]
[SourceVersion "1"]
[SourceVersionDate "2023.10.10"]
[SourceQuality "1"]

1. d4 Nf6 2. Nf3 e6 3. Nbd2 c5 4. e3 cxd4 5. exd4 b6 6. c3 Bb7 7. Bd3 Bd6 8. 0-0 Bc7 9. Re1 0-0 10. h3 Re8 11. Ne5 d6 12. Nef3 Nbd7 13. Ne4 Nxe4 14. Bxe4 Bxe4 15. Rxe4 d5 16. Re1 b5 17. a3 a5 18. Bd2 Rb8 19. Qe2 Bd6 20. Rec1 a4 21. Re1 Qc7 22. Rad1 Qc6 23. Qd3 Qc4 24. Bc1 Qxd3 25. Rxd3 Rec8 26. g3 Nb6 27. Kg2 Nc4 28. Re2 h6 29. Nd2 Rc6 30. f4 Rbc8 31. Nxc4 bxc4 32. Rde3 g6 33. Kf3 Kg7 34. Re1 Rb6 35. R3e2 Rcb8 36. g4 Rh8 37. f5 exf5 38. gxf5 gxf5 39. Re8 Rxe8 40. Rxe8 Rb8 41. Re2 Bc7 42. Re7 Bd6 43. Rd7 Rb6 44. Ra7 Bh2 45. Rxa4 f4 46. Kg2 Bg3 47. Ra5 Re6 48. Kf3 Bh2 49. Rxd5 Re1 50. Bxf4 Rf1+ 51. Kg2 Rxf4 52. Kxh2 Rf2+ 53. Kg3 Rxb2 54. Rc5 Rb3 55. Rxc4 Rxa3 56. d5 Kf6 57. Kf4 Ra1 58. Rd4 Rf1+ 59. Ke3 Re1+ 60. Kd3 Ke5 61. Kc4 Kd6 62. Rf4 Re7 63. Kd4 Ra7 64. Rf6+ Ke7 65. Rxh6 Ra4+ 66. c4 Ra3 67. Rh4 Ra1 68. Re4+ Kd7 69. Rf4 Rd1+ 70. Kc5 Ke7 71. d6+ Ke6 72. Re4+ Kf6 73. Rd4 Ra1 74. d7 1-0

[Event "Titled Tuesday intern op 25th Jul Early"]
[Site "Chess.com INT"]
[Date "2023.07.25"]
[Round "9"]
[White "Mahdavi, Reza"]
[Black "Mousavi, Seyed Khalil"]
[Result "1-0"]
[WhiteElo "2302"]
[BlackElo "2492"]
[PlyCount "59"]
[EventDate "2023.07.25"]
[EventType "swiss (blitz)"]
[EventRounds "11"]
[EventCountry "USA"]
[SourceTitle "EXT 2024"]
[Source "ChessBase"]
[SourceDate "2023.10.10"]
[SourceVersion "1"]
[SourceVersionDate "2023.10.10"]
[SourceQuality "1"]

1. e4 c5 2. Nf3 d6 3. d4 cxd4 4. Qxd4 Nc6 5. Bb5 Bd7 6. Bxc6 Bxc6 7. Nc3 Nf6 8. Bg5 e6 9. 0-0-0 Be7 10. Qd3 Qa5 11. h4 0-0 12. Nd4 Rac8 13. Kb1 Rfe8 14. f3 a6 15. g4 b5 16. Bd2 b4 17. Nce2 Nd7 18. a3 Ne5 19. Qb3 d5 20. axb4 Qb6 21. Nxc6 Rxc6 22. exd5 exd5 23. Nf4 Nc4 24. Nxd5 Qb5 25. Bf4 Bd8 26. Rd4 h6 27. Rhd1 Bb6 28. Nc3 Bxd4 29. Nxb5 Bxb2 30. Nd6 1-0

[Event "Titled Tuesday intern op 25th Jul Early"]
[Site "Chess.com INT"]
[Date "2023.07.25"]
[Round "4"]
[White "Mousavi, Seyed Khalil"]
[Black "Sarana, Alexey"]
[Result "0-1"]
[WhiteElo "2492"]
[BlackElo "2685"]
[PlyCount "84"]
[EventDate "2023.07.25"]
[EventType "swiss (blitz)"]
[EventRounds "11"]
[EventCountry "USA"]
[SourceTitle "EXT 2024"]
[Source "ChessBase"]
[SourceDate "2023.10.10"]
[SourceVersion "1"]
[SourceVersionDate "2023.10.10"]
[SourceQuality "1"]

1. e4 e5 2. Nf3 Nc6 3. Bb5 Nf6 4. d3 Bc5 5. Bxc6 dxc6 6. Nbd2 Nd7 7. Nc4 Qe7 8. Ne3 f6 9. g4 Nf8 10. h4 Bxe3 11. Bxe3 Bxg4 12. Rg1 h5 13. Rg3 Ne6 14. Qd2 Bxf3 15. Rxf3 0-0-0 16. 0-0-0 c5 17. Rg1 b6 18. Rfg3 c4 19. Qc3 cxd3 20. cxd3 Rd6 21. Kb1 Rhd8 22. Bc1 Qd7 23. Rd1 Nc5 24. Qc4 Rd4 25. Qc2 Nxe4 26. Rgg1 Nc5 27. Be3 Rxd3 28. Rc1 Ne6 29. Qe2 Qe8 30. Qf3 Kb8 31. Qe4 c5 32. f4 Qd7 33. f5 Nc7 34. Bf2 Rd2 35. Be1 Rd4 36. Qe2 Qxf5+ 37. Ka1 R8d7 38. Bc3 Rxh4 39. Rcf1 Qe4 40. Qf2 Rf4 41. Qg3 Rxf1+ 42. Rxf1 h4 0-1

[Event "Titled Tuesday intern op 18th Jul Early"]
[Site "Chess.com INT"]
[Date "2023.07.18"]
[Round "7"]
[White "Mousavi, Seyed Khalil"]
[Black "Al Tarbosh, Ward"]
[Result "1-0"]
[WhiteElo "2492"]
[BlackElo "2254"]
[PlyCount "73"]
[EventDate "2023.07.18"]
[EventType "swiss (blitz)"]
[EventRounds "11"]
[EventCountry "USA"]
[SourceTitle "EXT 2024"]
[Source "ChessBase"]
[SourceDate "2023.10.10"]
[SourceVersion "1"]
[SourceVersionDate "2023.10.10"]
[SourceQuality "1"]

1. e4 c5 2. Nf3 e6 3. g3 Nc6 4. Bg2 d6 5. d4 cxd4 6. Nxd4 Bd7 7. b3 Nf6 8. Bb2 Be7 9. 0-0 0-0 10. c4 Nxd4 11. Qxd4 e5 12. Qd2 b5 13. Na3 a6 14. Rfd1 Bc6 15. Qe2 Qb6 16. Rac1 h5 17. h3 h4 18. g4 Nd7 19. Nc2 bxc4 20. Ne3 cxb3 21. axb3 Bb5 22. Qe1 Bg5 23. Ba3 Nc5 24. Nd5 Qa7 25. Rc3 Rac8 26. Kh1 Rfd8 27. Bc1 Bxc1 28. Rdxc1 Qb7 29. Qe3 Kf8 30. Qg5 f6 31. Qxh4 Kf7 32. Qh5+ Ke6 33. g5 Be8 34. Qg4+ Kf7 35. gxf6 gxf6 36. Nxf6 Kxf6 37. Rf3+ 1-0

[Event "Titled Tuesday intern op 18th Jul Early"]
[Site "Chess.com INT"]
[Date "2023.07.18"]
[Round "10"]
[White "Pranav, V."]
[Black "Mousavi, Seyed Khalil"]
[Result "1-0"]
[WhiteElo "2588"]
[BlackElo "2492"]
[PlyCount "77"]
[EventDate "2023.07.18"]
[EventType "swiss (blitz)"]
[EventRounds "11"]
[EventCountry "USA"]
[SourceTitle "EXT 2024"]
[Source "ChessBase"]
[SourceDate "2023.10.10"]
[SourceVersion "1"]
[SourceVersionDate "2023.10.10"]
[SourceQuality "1"]

1. e4 c5 2. Nf3 e6 3. d4 cxd4 4. Nxd4 Nf6 5. Nc3 Nc6 6. a3 Qc7 7. Be2 a6 8. 0-0 Nxd4 9. Qxd4 Bc5 10. Qd3 h5 11. Be3 Bxe3 12. Qxe3 d6 13. Rad1 b5 14. Qg3 Ke7 15. Bf3 h4 16. Qg5 Bb7 17. Rfe1 Rad8 18. h3 Qc5 19. e5 dxe5 20. Bxb7 Rxd1 21. Rxd1 Rh5 22. Qd2 Qb6 23. Bf3 Rf5 24. Bc6 Qc7 25. Ne4 Nxe4 26. Qd7+ Qxd7 27. Rxd7+ Kf6 28. Bxe4 Rf4 29. f3 Kg5 30. Rd6 f5 31. Bd3 e4 32. fxe4 fxe4 33. Be2 Kf6 34. Bg4 Ke5 35. Rxe6+ Kd4 36. Rxa6 e3 37. Rd6+ Ke5 38. Re6+ Kd4 39. Be2 1-0

[Event "Titled Tuesday intern op 18th Jul Early"]
[Site "Chess.com INT"]
[Date "2023.07.18"]
[Round "8"]
[White "Zaragatski, Ilja"]
[Black "Mousavi, Seyed Khalil"]
[Result "0-1"]
[WhiteElo "2456"]
[BlackElo "2492"]
[PlyCount "78"]
[EventDate "2023.07.18"]
[EventType "swiss (blitz)"]
[EventRounds "11"]
[EventCountry "USA"]
[SourceTitle "EXT 2024"]
[Source "ChessBase"]
[SourceDate "2023.10.10"]
[SourceVersion "1"]
[SourceVersionDate "2023.10.10"]
[SourceQuality "1"]

1. g3 Nf6 2. Bg2 e6 3. c4 d5 4. Nf3 b6 5. cxd5 exd5 6. d4 Bb4+ 7. Bd2 Be7 8. Qa4+ c6 9. Ne5 Bb7 10. 0-0 0-0 11. Rc1 Nfd7 12. Nd3 a5 13. Nc3 Na6 14. e4 Nb4 15. Nf4 Bg5 16. exd5 cxd5 17. Nce2 Ba6 18. Qd1 Bxe2 19. Nxe2 Bxd2 20. Qxd2 Nf6 21. a3 Na6 22. Nf4 Re8 23. Rc6 Nb8 24. Rc2 Ra7 25. Rac1 Rae7 26. h3 h6 27. Qd3 Qd6 28. Qf5 g6 29. Nxg6 fxg6 30. Qxg6+ Rg7 31. Qxh6 Nbd7 32. Rc6 Re1+ 33. Rxe1 Qxc6 34. Qf4 Qc2 35. Qd6 Rf7 36. f4 Qxb2 37. Re7 Qxd4+ 38. Kh2 Qc5 39. Qe6 Qxe7 0-1

[Event "Tehran zt 3.1"]
[Site "Tehran"]
[Date "2023.05.30"]
[Round "9"]
[White "Mousavi, Seyed Khalil"]
[Black "Doroodgar, Amir Hosein"]
[Result "1-0"]
[WhiteElo "2509"]
[BlackElo "2102"]
[PlyCount "69"]
[EventDate "2023.05.23"]
[EventType "swiss"]
[EventRounds "9"]
[EventCountry "IRI"]
[SourceTitle "CBM 214 Extra"]
[Source "ChessBase"]
[SourceDate "2023.07.31"]
[SourceVersion "1"]
[SourceVersionDate "2023.07.31"]
[SourceQuality "1"]

1. e4 e5 2. Nf3 Nc6 3. Bb5 a6 4. Ba4 Nf6 5. Nc3 b5 6. Bb3 Bc5 7. d3 h6 8. Nd5 d6 9. c3 Be6 10. a4 Bxd5 11. exd5 Ne7 12. d4 exd4 13. Nxd4 0-0 14. 0-0 Qd7 15. Qd3 Bxd4 16. Qxd4 bxa4 17. Bxa4 Qg4 18. Qxg4 Nxg4 19. Rd1 f5 20. Re1 Kf7 21. f3 Ne5 22. Rd1 g5 23. f4 gxf4 24. Bxf4 N7g6 25. Rf1 Nxf4 26. Rxf4 Ke7 27. Bc2 Rfb8 28. b3 Rb5 29. c4 Rb4 30. Ra5 Nd7 31. Rxf5 Nc5 32. Ra1 Nxb3 33. Re1+ Kd7 34. Rf7+ Kc8 35. Rb1 1-0

[Event "Tehran zt 3.1"]
[Site "Tehran"]
[Date "2023.05.29"]
[Round "8"]
[White "Daneshvar, Bardiya"]
[Black "Mousavi, Seyed Khalil"]
[Result "1/2-1/2"]
[WhiteElo "2540"]
[BlackElo "2509"]
[PlyCount "28"]
[EventDate "2023.05.23"]
[EventType "swiss"]
[EventRounds "9"]
[EventCountry "IRI"]
[SourceTitle "CBM 214 Extra"]
[Source "ChessBase"]
[SourceDate "2023.07.31"]
[SourceVersion "1"]
[SourceVersionDate "2023.07.31"]
[SourceQuality "1"]

1. Nf3 Nf6 2. g3 g6 3. Bg2 Bg7 4. d4 0-0 5. c4 d6 6. 0-0 Nc6 7. Nc3 a6 8. b3 Rb8 9. e3 b5 10. Nd2 Bd7 11. Qe2 e5 12. d5 Ne7 13. a4 bxc4 14. bxc4 c5 1/2-1/2

[Event "IRI-ch 56th"]
[Site "Kerman"]
[Date "2023.05.17"]
[Round "9"]
[White "Mousavi, Seyed Khalil"]
[Black "Khaledi, Omid"]
[Result "1/2-1/2"]
[WhiteElo "2509"]
[BlackElo "2118"]
[PlyCount "117"]
[EventDate "2023.05.11"]
[EventType "tourn"]
[EventRounds "13"]
[EventCountry "IRI"]
[EventCategory "5"]
[SourceTitle "CBM 214 Extra"]
[Source "ChessBase"]
[SourceDate "2023.07.31"]
[SourceVersion "1"]
[SourceVersionDate "2023.07.31"]
[SourceQuality "1"]

1. e4 c5 2. Nf3 e6 3. g3 d5 4. exd5 exd5 5. d4 Nc6 6. Bg2 Bg4 7. 0-0 Nxd4 8. Qe1+ Be6 9. Nxd4 cxd4 10. Nd2 Ne7 11. Nb3 Nc6 12. f4 Be7 13. f5 Bc8 14. Qf2 0-0 15. Nxd4 Nxd4 16. Qxd4 Bd7 17. Be3 Bf6 18. Qxd5 Qe8 19. Bc5 Bc6 20. Qd2 Rd8 21. Qf2 b6 22. Rae1 Qd7 23. Bxc6 Qxc6 24. Bxf8 Bd4 25. Re3 Rxf8 26. c3 Bc5 27. b4 Bxe3 28. Qxe3 Re8 29. Qd2 h5 30. Rf4 Qf6 31. Kg2 Rd8 32. Qe3 Qc6+ 33. Kh3 Qf6 34. a3 h4 35. g4 Qc6 36. Kxh4 Re8 37. Qf3 Qd6 38. Kh3 Qd2 39. Rd4 Qc1 40. Rd3 Qxa3 41. f6 Qc1 42. fxg7 Kxg7 43. Qf2 Re4 44. g5 Rf4 45. Qe2 Rf5 46. Rg3 Rxg5 47. Qe5+ f6 48. Qe7+ Kg6 49. Qe8+ Kg7 50. Rf3 Rg6 51. Qe7+ Kg8 52. Qe8+ Kg7 53. Qe7+ Kg8 54. Qe3 Qc2 55. Rf2 Qd1 56. Qe8+ Kg7 57. Qe7+ Kg8 58. Qe8+ Kg7 59. Qe7+ 1/2-1/2

[Event "IRI-ch 56th"]
[Site "Kerman"]
[Date "2023.05.15"]
[Round "6"]
[White "Movahed, Sina"]
[Black "Mousavi, Seyed Khalil"]
[Result "1-0"]
[WhiteElo "2359"]
[BlackElo "2509"]
[PlyCount "105"]
[EventDate "2023.05.11"]
[EventType "tourn"]
[EventRounds "13"]
[EventCountry "IRI"]
[EventCategory "5"]
[SourceTitle "CBM 214 Extra"]
[Source "ChessBase"]
[SourceDate "2023.07.31"]
[SourceVersion "1"]
[SourceVersionDate "2023.07.31"]
[SourceQuality "1"]

1. e4 e5 2. Nf3 Nc6 3. Bb5 a6 4. Ba4 Nf6 5. 0-0 Nxe4 6. d4 b5 7. Bb3 d5 8. dxe5 Be6 9. c3 Bc5 10. Nbd2 0-0 11. Bc2 Nxf2 12. Rxf2 f6 13. Nf1 Bxf2+ 14. Kxf2 fxe5 15. Kg1 Bg4 16. Ne3 Be6 17. Bb3 e4 18. Nd4 Nxd4 19. Qxd4 c6 20. Nf1 Rc8 21. Be3 Qc7 22. Qc5 Rf6 23. Bd4 Rg6 24. Ne3 Rh6 25. g3 Bh3 26. Qa7 Qxa7 27. Bxa7 Rg6 28. Bc2 h5 29. Bd1 h4 30. g4 Rf8 31. Be2 Rf7 32. Bb6 Kh7 33. Rd1 Rf8 34. Bc5 Rf7 35. Bd4 Rf4 36. Ng2 Rgxg4 37. Bxg4 Rxg4 38. Rd2 g5 39. Kh1 Kg6 40. Ne3 Rf4 41. Kg1 Kf7 42. Be5 Ke6 43. Bd4 Bg4 44. Rg2 Bh5 45. Rxg5 Bf7 46. b4 Rf3 47. Re5+ Kd7 48. Rf5 Bg6 49. Rxf3 exf3 50. Ng4 Ke6 51. Kf2 Kf5 52. Kxf3 Bh5 53. h3 1-0

[Event "IRI-ch 56th"]
[Site "Kerman"]
[Date "2023.05.13"]
[Round "3"]
[White "Mousavi, Seyed Khalil"]
[Black "Ashraf, Artin"]
[Result "1-0"]
[WhiteElo "2509"]
[BlackElo "2314"]
[PlyCount "60"]
[EventDate "2023.05.11"]
[EventType "tourn"]
[EventRounds "13"]
[EventCountry "IRI"]
[EventCategory "5"]
[SourceTitle "CBM 214 Extra"]
[Source "ChessBase"]
[SourceDate "2023.07.31"]
[SourceVersion "1"]
[SourceVersionDate "2023.07.31"]
[SourceQuality "1"]

1. Nf3 d5 2. d4 Nf6 3. Bf4 c5 4. e3 Nc6 5. Nbd2 Qb6 6. dxc5 Qxb2 7. Rb1 Qc3 8. Bb5 e6 9. 0-0 Be7 10. Ne5 Bd7 11. Nxd7 Nxd7 12. e4 a6 13. Be2 Nxc5 14. exd5 exd5 15. Nb3 Na4 16. Qxd5 Qf6 17. Bd2 Rd8 18. Qh5 0-0 19. Rbe1 Rfe8 20. Bf3 Qg6 21. Qh3 Bf8 22. Qh4 Nc5 23. Bg5 Rxe1 24. Rxe1 f6 25. Nxc5 Bxc5 26. Qc4+ Kh8 27. Bf4 Re8 28. Rd1 Ne5 29. Bxe5 Rxe5 30. Qxc5 Kg8 1-0

[Event "IRI-ch 56th"]
[Site "Kerman"]
[Date "2023.05.13"]
[Round "4"]
[White "Tahmasebi, Hamid Reza"]
[Black "Mousavi, Seyed Khalil"]
[Result "1/2-1/2"]
[WhiteElo "2171"]
[BlackElo "2509"]
[PlyCount "121"]
[EventDate "2023.05.11"]
[EventType "tourn"]
[EventRounds "13"]
[EventCountry "IRI"]
[EventCategory "5"]
[SourceTitle "CBM 214 Extra"]
[Source "ChessBase"]
[SourceDate "2023.07.31"]
[SourceVersion "1"]
[SourceVersionDate "2023.07.31"]
[SourceQuality "1"]

1. e4 c5 2. Nf3 e6 3. d4 cxd4 4. Nxd4 Nf6 5. Nc3 Nc6 6. Ndb5 d6 7. Bf4 e5 8. Bg5 a6 9. Na3 b5 10. Nd5 Be7 11. Bxf6 Bxf6 12. c3 Bg5 13. Nc2 Ne7 14. h4 Bh6 15. Ncb4 0-0 16. g4 Nxd5 17. Nxd5 Bf4 18. Qf3 Bb7 19. Bd3 Re8 20. Nxf4 Qf6 21. g5 Qxf4 22. Qxf4 exf4 23. 0-0-0 g6 24. Rhe1 Re5 25. Bc2 Rd8 26. Rd4 Kf8 27. Rg1 Bc8 28. Rd3 Bb7 29. Rf3 Bxe4 30. Rxf4 Rde8 31. Rd1 Bxc2 32. Kxc2 R8e6 33. Rdd4 Ke7 34. Kb3 Re1 35. a4 R6e5 36. axb5 axb5 37. Rf6 Re6 38. Kb4 R1e2 39. b3 Rxf6 40. gxf6+ Kd7 41. Kxb5 Rxf2 42. c4 Kc7 43. Re4 Rf5+ 44. Ka6 Rxf6 45. Re7+ Kd8 46. Ra7 d5+ 47. Kb5 dxc4 48. bxc4 h6 49. c5 g5 50. hxg5 hxg5 51. c6 Rf2 52. Kc5 g4 53. Kd6 Rf6+ 54. Ke5 Rxc6 55. Rxf7 Rg6 56. Rf2 Ke7 57. Rg2 Rg5+ 58. Kf4 Kf6 59. Rxg4 Rf5+ 60. Ke4 Rg5 61. Rf4+ 1/2-1/2

[Event "IRI-ch 56th"]
[Site "Kerman"]
[Date "2023.05.11"]
[Round "1"]
[White "Mousavi, Seyed Khalil"]
[Black "Gholami Orimi, Mahdi"]
[Result "1-0"]
[WhiteElo "2509"]
[BlackElo "2420"]
[PlyCount "121"]
[EventDate "2023.05.11"]
[EventType "tourn"]
[EventRounds "13"]
[EventCountry "IRI"]
[EventCategory "5"]
[SourceTitle "EXT 2024"]
[Source "ChessBase"]
[SourceDate "2023.10.10"]
[SourceVersion "1"]
[SourceVersionDate "2023.10.10"]
[SourceQuality "1"]

1. Nf3 Nf6 2. d4 e6 3. Bf4 c5 4. e3 cxd4 5. exd4 Be7 6. c3 0-0 7. Bd3 d6 8. 0-0 b6 9. a4 a6 10. Re1 Bb7 11. Nbd2 Nbd7 12. h3 Re8 13. Bh2 Qc7 14. a5 b5 15. c4 bxc4 16. Nxc4 Bd5 17. Nfd2 Bf8 18. Rc1 Qb8 19. Ne3 Qxb2 20. Ndc4 Bxc4 21. Nxc4 Qb8 22. Re2 Nd5 23. Rb2 Qd8 24. Qd2 Rc8 25. Rb7 Rc6 26. Rcb1 Qc8 27. Qb2 Nc7 28. Rb3 Nb5 29. Ne3 Nc3 30. Ra1 d5 31. Rxc3 Rxc3 32. Bxa6 Qxa6 33. Qxc3 Rc8 34. Qb3 Rc6 35. Bf4 Nb6 36. axb6 Qxa1+ 37. Nf1 Qxd4 38. b7 Rb6 39. Qxb6 Qxb6 40. b8Q Qc5 41. Qe8 h6 42. Nd2 Qb4 43. g3 g5 44. Be5 Qxd2 45. Bd6 Qe1+ 46. Kg2 Qe4+ 47. Kh2 Qf5 48. Qxf8+ Kh7 49. Bc5 e5 50. Qa8 Qf3 51. Qa3 Qf5 52. Qb3 d4 53. Kg2 h5 54. Qd5 g4 55. hxg4 hxg4 56. Bxd4 Qf3+ 57. Qxf3 gxf3+ 58. Kxf3 exd4 59. Ke4 Kg6 60. Kxd4 Kf5 61. f3 1-0

[Event "Titled Tuesday intern op 21st Feb Late"]
[Site "Chess.com INT"]
[Date "2023.02.21"]
[Round "7"]
[White "Vasquez Schroder, Rodrigo Rafael"]
[Black "Mousavi, Seyed Khalil"]
[Result "1-0"]
[WhiteElo "2513"]
[BlackElo "2540"]
[PlyCount "81"]
[EventDate "2023.02.21"]
[EventType "swiss (blitz)"]
[EventRounds "11"]
[EventCountry "USA"]
[SourceTitle "CBM 212 Extra"]
[Source "ChessBase"]
[SourceDate "2023.03.31"]
[SourceVersion "1"]
[SourceVersionDate "2023.03.31"]
[SourceQuality "1"]

1. d4 d5 2. c4 e6 3. Nc3 c5 4. e3 Nc6 5. Nf3 Nf6 6. a3 a6 7. b3 cxd4 8. exd4 Ne4 9. Bb2 Be7 10. Bd3 f5 11. 0-0 Bf6 12. Be2 0-0 13. cxd5 Nxc3 14. Bxc3 exd5 15. Bd3 Re8 16. Qc2 g6 17. Rfe1 Be6 18. Qb2 Bf7 19. b4 Qd6 20. a4 Rxe1+ 21. Rxe1 Re8 22. Rb1 Nb8 23. Ne5 Nd7 24. f4 Nb6 25. Qb3 Rc8 26. b5 Nc4 27. bxa6 bxa6 28. Bxc4 dxc4 29. Qb6 Qxb6 30. Rxb6 Bxe5 31. fxe5 Bd5 32. Rd6 Be4 33. d5 Kf7 34. e6+ Ke8 35. Rd7 Rc5 36. d6 Bd5 37. Re7+ Kd8 38. Bf6 Kc8 39. d7+ Kc7 40. Re8 Bxe6 41. d8Q+ 1-0

[Event "Caspian Cup 19th"]
[Site "Rasht"]
[Date "2023.02.15"]
[Round "4"]
[White "Hayrapetyan, Edgar"]
[Black "Mousavi, Seyed Khalil"]
[Result "0-1"]
[WhiteElo "2245"]
[BlackElo "2540"]
[PlyCount "63"]
[EventDate "2023.02.12"]
[EventType "swiss"]
[EventRounds "9"]
[EventCountry "IRI"]
[SourceTitle "EXT 2024"]
[Source "ChessBase"]
[SourceDate "2023.10.10"]
[SourceVersion "1"]
[SourceVersionDate "2023.10.10"]
[SourceQuality "1"]

1. d4 Nf6 2. c4 e6 3. Nf3 d5 4. Nc3 c6 5. Bg5 dxc4 6. e4 b5 7. e5 h6 8. Bh4 g5 9. Nxg5 hxg5 10. Bxg5 Be7 11. exf6 Bxf6 12. Bxf6 Qxf6 13. g3 Bb7 14. Bg2 Na6 15. Nxb5 0-0-0 16. Qa4 Kb8 17. Bxc6 Qe7 18. Bxb7 Qxb7 19. 0-0-0 Rh5 20. d5 exd5 21. Rhe1 Rh6 22. Qa5 Rb6 23. Nc3 Nb4 24. Na4 Nc6 25. Qd2 Rb4 26. Nc3 d4 27. Qf4+ Ka8 28. Qf6 Rxb2 29. Rxd4 Rb8 30. Rxc4 Nb4 31. Qf5 Rc2+ 32. Qxc2 0-1